| Tag |
First Indicator |
Second Indicator |
Subfields |
| LEADER |
00000cam a22000004a 4500 |
| 001 |
in00001691821 |
| 005 |
20151024133501.0 |
| 008 |
011204s2002 mdua b 001 0 eng |
| 010 |
|
|
|a 2001057702
|
| 020 |
|
|
|a 0810842629 (alk. paper)
|
| 020 |
|
|
|a 0810842637 (pbk. : alk. paper)
|
| 035 |
|
|
|a (OCoLC)ocm48544097
|
| 040 |
|
|
|a DLC
|c DLC
|d C#P
|d UtOrBLW
|
| 042 |
|
|
|a pcc
|
| 049 |
|
|
|a TXAM
|
| 050 |
0 |
0 |
|a ML111
|b .M45 2002
|
| 082 |
0 |
0 |
|a 025.4/678
|2 21
|
| 100 |
1 |
|
|a McKnight, Mark,
|d 1951-
|
| 245 |
1 |
0 |
|a Music classification systems /
|c Mark McKnight.
|
| 264 |
|
1 |
|a Lanham, Md. :
|b Scarecrow Press and the Music Library Association,
|c 2002.
|
| 300 |
|
|
|a xiii, 162 pages :
|b illustrations ;
|c 23 cm.
|
| 336 |
|
|
|a text
|b txt
|2 rdacontent
|
| 337 |
|
|
|a unmediated
|b n
|2 rdamedia
|
| 338 |
|
|
|a volume
|b nc
|2 rdacarrier
|
| 490 |
1 |
|
|a Music Library Association basic manual series ;
|v no. 1
|
| 504 |
|
|
|a Includes bibliographical references (pages 151-153) and index.
|
| 650 |
|
0 |
|a Classification
|x Music.
|
| 650 |
|
0 |
|a Cataloging of music.
|
| 650 |
|
0 |
|a Classification
|x Sound recordings.
|
| 650 |
|
0 |
|a Cataloging of sound recordings.
|
| 830 |
|
0 |
|a Music Library Association basic manual series ;
|v no. 1.
|
| 945 |
|
|
|i PromptCat
|
| 948 |
|
|
|a cataloged
|b h
|c 2002/6/17
|d c
|e cmulkey
|f 1:46:11 pm
|
| 994 |
|
|
|a 92
|b TXA
|
| 999 |
|
|
|a MARS
|
| 999 |
f |
f |
|s 9ff28b79-5c8e-3437-9540-3c0af10b0c78
|i a2e5450d-5835-3cd2-9885-36046b85490d
|t 0
|
| 952 |
f |
f |
|p ric
|a Texas A&M University
|b Rellis Campus
|c Joint Library Facility
|d Remote Storage
|t 0
|e ML111 .M45 2002
|h Library of Congress classification
|i unmediated -- volume
|m A14828962778
|
| 998 |
f |
f |
|a ML111 .M45 2002
|t 0
|l Remote Storage
|